10 pays les plus grands du monde - Statistiques

Statistiques générales
  • Ce quiz a été pris 282 fois
  • Le résultat moyen est 9 sur 10
Statistiques - réponses
Hint Réponse % Correct
17 075 200 km² Russie
100%
9 976 140 km² Canada
98%
9 596 960 km² Chine
97%
9 639 810 km² États-Unis
96%
8 511 965 km² Brésil
95%
7 686 850 km² Australie
90%
3 287 590 km² Inde
88%
2 381 740 km² Algérie
75%
2 766 890 km² Argentine
74%
2 717 300 km² Kazakhstan
57%
Aucun quiz correspondant
Distribution des résultats
% des personnes avec chaque résultat
Percentile par nombre de réponses
Votre historique - résultats
Vous n’avez pas pris ce quiz